| 000 | 00000nam##2200000za#4500 |
| 001 | 9.648484 |
| 003 | CaOODSP |
| 005 | 20200330071836 |
| 007 | ta |
| 008 | 150407|2002||||xxc||||| f|0| 0 eng|d |
| 020 | |a0-662-31754-8 |
| 040 | |aCaOODSP|beng |
| 043 | |an-cn--- |
| 086 | 1 |aH68-27/2001E |
| 110 | 1 |aCanada.|bHealth Canada. |bNational Council of Welfare. |
| 245 | 10|aWelfare incomes, 2000 and 2001 : |ba report by the National Council of Welfare |
| 260 | |aOttawa - Ontario : |bHealth Canada. |c2002. |
| 300 | |aii, 99p. : |bgraphs, tables ; |c28 cm. |
| 563 | |aSoftcover |
| 590 | |a02-15|b2002-04-12 |
| 690 | 07|aWelfare|2gcpds |
| 690 | 07|aIncome|2gcpds |
| 690 | 07|aFederal institutions|2gcpds |
| 775 | 08|tRevenus de bien-être social, 2000 et 2001 : |w(CaOODSP)9.681771 |